| 000 | 004760000a22001810004500 | ||
|---|---|---|---|
| 003 | MACL | ||
| 005 | 20151222152006.0 | ||
| 008 | 151222b xxu||||| |||| 00| 0 eng d | ||
| 040 |
_aMACL _cMACL |
||
| 041 | _aEnglish | ||
| 082 | _a821/MAT | ||
| 100 |
_aMatheikal, Tomichan _922046 |
||
| 245 |
_aEnglish Poetry _bFrom John Donne to Ted Hughes |
||
| 260 |
_bAtlantic Publishers and Distributors _c2001 |
||
| 350 | _a295 | ||
| 650 |
_aPoetry _922047 |
||
| 942 |
_cBK _k821/MAT _2ddc |
||
| 999 |
_c40381 _d40381 |
||